Technická petrografie : určeno pro posluchače fak. inž. stavitelství /

Main Author: Vachtl, Josef, 1907-1984
Corporate Author: České vysoké učení technické v Praze
Other Authors: Záruba, Quido, 1899-1993
Language: Czech
Published: Praha : SNTL, 1958
Edition: 2. dotisk 3., [opr. a dopln.] vyd.
Series: Učební texty vysokých škol
Physical Description: 113 s. ; 4°
Book
Saved in:
LEADER 01096nam a22003012a 4500
001 000709050
003 CZ BrMZK
005 20040325141104.0
007 ta
008 040319s1958 xr e cze d
015 |a cnb000683632 
035 |a (OCoLC)85460983 
040 |a ABA001  |b cze  |c KLG001  |d BOA001  |d ABA001 
100 1 |a Vachtl, Josef,  |d 1907-1984  |7 jk01141143  |4 aut 
245 1 0 |a Technická petrografie :  |b určeno pro posluchače fak. inž. stavitelství /  |c J. Vachtl, Q. Záruba 
250 |a 2. dotisk 3., [opr. a dopln.] vyd. 
260 |a Praha :  |b SNTL,  |c 1958  |f (KNT 06) 
300 |a 113 s. ;  |c 4° 
490 1 |a Učební texty vysokých škol 
500 |a 1050 výt. 
500 |a Vyd. Čes. vys. učení techn. v Praze 
500 |a S il. a mp. v textu 
700 1 |a Záruba, Quido,  |d 1899-1993  |7 jk01152166  |4 aut 
710 2 |a České vysoké učení technické v Praze  |7 kn20010710137 
830 0 |a Učební texty vysokých škol 
910 |a BOA001  |b 4-0300.219-58 
990 |a BK 
996 7 |b 2619206502  |c 4-0300.219-58  |l MZK  |r Sklad / do 24 hodin  |n 2  |w 000709050  |u 000010  |a 1  |e BOA001  |j MZK50  |s A